ბათუმის შოთა რუსთაველის სახელმწიფო უნივერსიტეტის ბიბლიოთეკა

ფიჭურ პრინციპზე აგებული ტელეკომუნიკაციის სისტემები / (ბიბ.ჩანაწერი № 38048)

000 -ლიდერი
ფიქსირებული სიგრძის საკონტროლო ველი 00986nam a2200205Ia 4500
001 - საკონტროლო ნომერი
საკონტროლო ველი 4034
003 - საკონტროლო ნომრის იდენტიფიკატორი
საკონტროლო ველი GE_BSU
005 - ბოლო ოპერაციის თარიღი და დრო
საკონტროლო ველი 20190514153539.0
008 - ფიქსირებული სიგრძის მონაცემთა ელემენტები - ზოგადი ინფორმაცია
ფიქსირებული სიგრძის საკონტროლო ველი 181216s2001|||| |||||||||||||| ||ge ||
040 ## - კატალოგიზაციის წყარო
Transcribing agency GE_BSU
041 ## - ენის კოდი
Language code of text/sound track or separate title geo
080 ## - უნივერსალური ათობითი კლასიფიკაციის ინდექსი
Universal Decimal Classification number 621.396/321.395 ფ-69
245 ## - ცნობა სათაურის შესახებ
Title ფიჭურ პრინციპზე აგებული ტელეკომუნიკაციის სისტემები /
Statement of responsibility, etc გ.გაბესკირია ; ნ. გოთუა ; ნ. თამაზაშვილის რედაქციით.
264 ## - წარმოების, გამოცემის, დისტრიბუციის და სხვა ცნობები
გამოცემის, წარმოების, დისტრიბუციის... ადგილი თბილისი .:
გამოცემის, წარმოების, დისტრიბუციის... სახელწოდება მერანი-3,
გამოცემის, წარმოების, დისტრიბუციის... თარიღი 2001.
300 ## - ფიზიკური აღწერა
Extent 208 გვ.;
Other physical details ილ;
Dimensions 20 სმ.
653 ## - INDEX TERM--UNCONTROLLED
Uncontrolled term ფიჭურ პრინციპზე აგებული ტელეკომუნიკაციის სისტემები
700 ## - ADDED ENTRY--PERSONAL NAME
Personal name გოთუა, ნ
9 (RLIN) 1117
700 ## - ADDED ENTRY--PERSONAL NAME
Personal name თამაზაშვილი, ნ
Relator term რედაქციით
9 (RLIN) 1108
942 ## - ADDED ENTRY ELEMENTS (KOHA)
Koha item type წიგნი
Source of classification or shelving scheme
ეგზემპლარები
ჩამოწერის სტატუსი დაკარგული ეგზემპლარის სტატუსი კლასიფიკაციის წყარო ან თაროზე გაწყობის სქემა დაზიანების სტატუსი არ გაიცემა მუდმივი მდებარეობა (დაცვის ადგილი) ამჟამინდელი ადგილსამყოფელი თაროზე განთავსების ადგილი შეძენის თარიღი ღირებულება, შესყიდვის ნორმალური ფასი სრული შენახვის შიფრი შტრიხკოდი ბოლო ოპერაციის თარიღი ეგზემპლარის მიმდევრობითი ნომერი (კეტერი?) ფასის ძალაში შესვლის თარიღი ეგზემპლარის სახეობა საჯარო შენიშვნა
          ტექნოლოგიური ფაკულტეტის ბიბლიოთეკა ტექნოლოგიური ფაკულტეტის ბიბლიოთეკა წიგნსაცავი 2018-12-17 20.00 621.396/321.395 ფ-69 8427 2018-12-17 8427 2018-12-17 წიგნი 20 ლ.
          ტექნოლოგიური ფაკულტეტის ბიბლიოთეკა ტექნოლოგიური ფაკულტეტის ბიბლიოთეკა წიგნსაცავი 2018-12-17 20.00 621.396/321.395 ფ-69 8428 2018-12-17 8428 2018-12-17 წიგნი 20 ლ.
          ტექნოლოგიური ფაკულტეტის ბიბლიოთეკა ტექნოლოგიური ფაკულტეტის ბიბლიოთეკა წიგნსაცავი 2018-12-17 20.00 621.396/321.395 ფ-69 8429 2018-12-17 8429 2018-12-17 წიგნი 20 ლ.
          ტექნოლოგიური ფაკულტეტის ბიბლიოთეკა ტექნოლოგიური ფაკულტეტის ბიბლიოთეკა წიგნსაცავი 2018-12-17 20.00 621.396/321.395 ფ-69 45783 2018-12-17 45783 2018-12-17 წიგნი 20.00